000 00512nam a22002177a 4500
003 UA-OsUOA
001 57014
007 ta
008 20081125b un ||||| |||| 00| 0 ukr d
100 _aАуска Н.
090 _a82
_bА-43
942 _cSA
040 _aUA-OsUOA
_bukr
_cUA-OsUOA
_dUA-OsUOA
245 _aГолодоморня
300 _aС.1, 6
955 _a0
041 _aukr
080 _a82
773 0 _w57013
650 7 _a82 Література. Літературознавство
_2UDC
999 _c343093
_d343093